000 00198nam a2200085Ia 4500
008 120527s9999 xx 000 0 und d
100 _aKelley, H. Harod
245 _aPersonal relationship
942 _cBK
999 _c27575
_d27575